造化在手,指挥如意:吴在炎指画展 (Record no. 322795)
| 000 -LEADER | |
|---|---|
| fixed length control field | 00368nam a22001457a 4500 |
| 020 ## - ISBN | |
| ISBN | 9810500777 |
| 082 ## - 索书号 Call Number | |
| 分类号Classification number | 941.5 |
| 作者号 Author number | 8460-02 |
| 100 ## - 作者 | |
| 作者 | 吴在炎 著 |
| 245 ## - 书名 TITLE | |
| 书名Title | 造化在手,指挥如意:吴在炎指画展 |
| 250 ## - 版本 EDITION STATEMENT | |
| 版本叙述 Edition statement | 初版;平装 |
| 260 ## - 出版项PUBLICATION, DISTRIBUTION, ETC. (IMPRINT) | |
| 出版地 Place of publication | 新加坡 |
| 出版社 Name of publisher | Singapore Art Museum |
| 出版日期 Date of publication | 2004 |
| 300 ## - 稽核项 PHYSICAL DESCRIPTION | |
| 页数 Number of Pages | 120页 |
| 尺寸 Dimensions | 21公分 |
| 500 ## - 一般附注 GENERAL NOTE | |
| 附注 General note | 赠 |
| 942 ## - ADDED ENTRY ELEMENTS (KOHA) | |
| Koha item type | Books |
| Source of classification or shelving scheme | Not for loan | Permanent Location | Current Location | Shelving location | Date acquired | Source of acquisition | Cost, normal purchase price | Full call number | Barcode | Cost, replacement price | Koha item type |
|---|---|---|---|---|---|---|---|---|---|---|---|
| LIBRARY CHUNG HWA HIGH SCHOOL MUAR | LIBRARY CHUNG HWA HIGH SCHOOL MUAR | 9 艺术类(一楼) | 2026-02-06 | 赠 | 50.00 | 941.5 8460-02 | 050242 | 100.00 | Books |
